Statistics for 32 Human Teeth

Click here to take the quiz!

General Stats

  • This quiz has been taken 242 times
  • The average score is 8 of 11

Answer Stats

ANSWER% Correct
Molar
96%
Canine (Cuspid)
93%
Incisor
87%
Premolar (Bicuspid)
85%
Mandibular
80%
Maxillary
76%
Third
72%
First
68%
Second
68%
Lateral
55%
Central
52%

Score Distribution

Percentile by Number Answered

Percent of People with Each Score

Your Score History

You have not taken this quiz